000 00272nam a2200097Ia 4500
001 907934
005 20250826185044.0
008 250824s9999 xx 000 0 und d
245 0 _aORHAN ŞAİK GÖKYAY HAYAI VE ESERLERİ
_cGÜNAY KUT
260 _bKÜLTÜR BAKANLIĞI YAYINLARI
999 _c907934
_d907934